| 000 | 00722nam a2200229 4500 | ||
|---|---|---|---|
| 003 | CO-ViMGA | ||
| 020 | _a9789589076637 | ||
| 040 |
_aCO-ViMGA _bspa _cCO-ViMGA |
||
| 082 | 0 | 4 |
_a617 _bV25e. |
| 100 | 1 |
_aVélez A, Hernán _94752 |
|
| 245 | 1 | 0 |
_aEndocrinólogía / _cHernán Vélez A. |
| 250 | _a7a. ed. | ||
| 260 |
_aMedellín, Colombia : _bCorporación para investigaciones Biológicas, _c2012. |
||
| 300 |
_a663 p. : _bIl laminas, dibujos. ; 23 cm. |
||
| 490 | _aFundamentos de Médicina | ||
| 500 | _aÍndice Analítico | ||
| 650 | 1 | 4 |
_aCiencias Médicas _94574 |
| 700 | 1 |
_aBorrero R, Jaime _ecoaut. _94764 |
|
| 700 | 1 |
_aRestrepo M, Jorge _ecoaut. _94765 |
|
| 700 | 1 |
_aRojas M, William _ecoaut. _96138 |
|
| 942 |
_2ddc _cBK |
||
| 999 |
_c35831 _d35831 |
||